[Event "Kimry-ch"]
[Site "Kimry"]
[Date "2009.01.03"]
[Round "3"]
[White "Shibaev, Aleksey"]
[Black "Kudrin, Vladimir1111"]
[Result "1-0"]
[WhiteElo "2366"]
[BlackElo "1992"]
[PlyCount "97"]
[EventDate "2009.01.02"]
[EventType "swiss"]
[EventRounds "9"]
[EventCountry "RUS"]
[SourceTitle "EXT 2010"]
[Source "ChessBase"]
[SourceDate "2010.11.25"]
[SourceVersion "1"]
[SourceVersionDate "2010.11.25"]
[SourceQuality "1"]

1. e4 e5 2. Nf3 d6 3. d4 Nd7 4. c4 c6 5. Nc3 Be7 6. Be3 Ngf6 7. Be2 0-0 8. 0-0 a6 9. Re1 Re8 10. Rb1 exd4 11. Nxd4 Bf8 12. Bf1 g6 13. Bf4 Nh5 14. Be3 Nc5 15. f3 Ne6 16. Nc2 Bg7 17. Qd2 g5 18. Rbd1 Be5 19. Nd4 Nxd4 20. Bxd4 Qe7 21. Be3 h6 22. g3 Qf6 23. Be2 Qg6 24. Bd3 Qg7 25. Kh1 Bh3 26. Bf1 Be6 27. f4 Bxc3 28. bxc3 Bg4 29. Be2 gxf4 30. gxf4 Ng3+ 31. hxg3 Rxe4 32. Bd4 f6 33. Bxg4 Rxe1+ 34. Rxe1 Qxg4 35. Kg2 Kf7 36. Qe2 Qxe2+ 37. Rxe2 c5 38. Bf2 f5 39. Rd2 Ke6 40. Kf3 Rg8 41. Rb2 Rg7 42. Rb1 h5 43. Rh1 Rh7 44. Kg2 Rh8 45. Kh3 Kf6 46. Rd1 Ke6 47. Kh4 Rh6 48. a4 Rh7 49. a5 1-0

[Event "RUS Cup Qualifier 5"]
[Site "chessassistantclub.com INT"]
[Date "2004.12.24"]
[Round "?"]
[White "Gabrielian, Artur"]
[Black "Shibaev, Aleksey"]
[Result "1-0"]
[WhiteElo "2456"]
[BlackElo "2387"]
[PlyCount "123"]
[EventDate "2004.12.24"]
[EventType "swiss (blitz)"]
[EventRounds "13"]
[EventCountry "RUS"]
[SourceTitle "CBM 104 Extra"]
[Source "ChessBase"]
[SourceDate "2005.03.01"]
[SourceVersion "1"]
[SourceVersionDate "2005.03.01"]
[SourceQuality "1"]

1. e4 c5 2. Nf3 Nc6 3. d4 cxd4 4. Nxd4 Qb6 5. Nb3 Nf6 6. Bd3 e6 7. 0-0 a6 8. c4 d6 9. Nc3 Be7 10. Be3 Qc7 11. Rc1 Ne5 12. Na4 Nxd3 13. Qxd3 Nd7 14. c5 0-0 15. cxd6 Qxd6 16. Qxd6 Bxd6 17. Rfd1 b5 18. Rxd6 bxa4 19. Na5 Nf6 20. f3 e5 21. Nc4 Be6 22. Nxe5 Bxa2 23. Rd4 Bb3 24. Nc6 h6 25. e5 Nd5 26. Bd2 Rfe8 27. f4 f6 28. Rc5 fxe5 29. fxe5 Nc7 30. Rd7 Ne6 31. Rc3 Rf8 32. h3 Rf7 33. Rd6 Re8 34. Kh2 Rc7 35. Rg3 Kh7 36. Ba5 Rf7 37. Nb4 Rf2 38. Nd3 Rd2 39. Bxd2 Rc8 40. Rxa6 Rc2 41. Bc3 Bc4 42. Nb4 Re2 43. Rxa4 Nf4 44. Ra1 Be6 45. Re1 Rf2 46. Kg1 Re2 47. Rxe2 Nxe2+ 48. Kf2 Nxg3 49. Kxg3 Kg6 50. Nc6 Bd5 51. Nd4 Kf7 52. b4 Ke7 53. b5 Kd7 54. Bb4 Kc7 55. Bc5 Kb7 56. e6 g5 57. e7 Bf7 58. h4 Kc7 59. hxg5 hxg5 60. Kg4 Kd7 61. Kxg5 Be8 62. Kf6 1-0

[Event "RUS Cup Qualifier 5"]
[Site "chessassistantclub.com INT"]
[Date "2004.12.24"]
[Round "?"]
[White "Galkin, Alexander"]
[Black "Shibaev, Aleksey"]
[Result "1-0"]
[WhiteElo "2598"]
[BlackElo "2387"]
[PlyCount "104"]
[EventDate "2004.12.24"]
[EventType "swiss (blitz)"]
[EventRounds "13"]
[EventCountry "RUS"]
[SourceTitle "CBM 104 Extra"]
[Source "ChessBase"]
[SourceDate "2005.03.01"]
[SourceVersion "1"]
[SourceVersionDate "2005.03.01"]
[SourceQuality "1"]

1. e4 c5 2. Nf3 Nc6 3. d4 cxd4 4. Nxd4 Nf6 5. Nc3 e5 6. Ndb5 d6 7. Bg5 a6 8. Na3 b5 9. Bxf6 gxf6 10. Nd5 Bg7 11. Bd3 Ne7 12. Nxe7 Qxe7 13. c4 0-0 14. 0-0 f5 15. Qf3 Re8 16. Rad1 Rb8 17. cxb5 d5 18. exf5 e4 19. Qg3 Bxf5 20. Be2 Rb6 21. Rxd5 Rg6 22. Qe3 Bh6 23. Qc5 Bh3 24. g3 Bxf1 25. Qxe7 Rxe7 26. Kxf1 axb5 27. Nxb5 Rc6 28. Nc3 Rb7 29. Bb5 Re6 30. a4 e3 31. f4 Bf8 32. Ke2 Bb4 33. Rd8+ Kg7 34. Nd5 Bc5 35. b4 Ba7 36. Re8 Rh6 37. h4 Rg6 38. Nxe3 Bxe3 39. Rxe3 Rc7 40. Rb3 Rc2+ 41. Kf3 Rd6 42. a5 Ra2 43. a6 h5 44. Bd3 Rb6 45. Ke3 Ra4 46. Kd4 Raxb4+ 47. Rxb4 Rxb4+ 48. Kc5 Rb3 49. a7 Ra3 50. Kb6 Rb3+ 51. Bb5 Ra3 52. Ba6 Rxg3 1-0

[Event "RUS Cup Qualifier 5"]
[Site "chessassistantclub.com INT"]
[Date "2004.12.24"]
[Round "?"]
[White "Shibaev, Aleksey"]
[Black "Pridorozhni, Aleksei"]
[Result "1/2-1/2"]
[WhiteElo "2387"]
[BlackElo "2491"]
[PlyCount "141"]
[EventDate "2004.12.24"]
[EventType "swiss (blitz)"]
[EventRounds "13"]
[EventCountry "RUS"]
[SourceTitle "CBM 104 Extra"]
[Source "ChessBase"]
[SourceDate "2005.03.01"]
[SourceVersion "1"]
[SourceVersionDate "2005.03.01"]
[SourceQuality "1"]

1. d4 d5 2. c4 c6 3. Nc3 Nf6 4. Bg5 dxc4 5. a4 Qb6 6. Qd2 Bf5 7. Bxf6 exf6 8. e4 Be6 9. d5 cxd5 10. exd5 Bd7 11. Bxc4 Bd6 12. Nge2 0-0 13. Bd3 Na6 14. 0-0 Nc5 15. Bc2 Rad8 16. Rab1 Qb4 17. Qd4 a5 18. Rfd1 Rfe8 19. h3 Be5 20. Qd2 Qh4 21. Nd4 Qh5 22. Re1 Bxh3 23. gxh3 Qxh3 24. Re3 Qh2+ 25. Kf1 Bf4 26. Rbe1 Bxe3 27. Rxe3 Rxe3 28. Qxe3 Kf8 29. Qg3 Qh1+ 30. Qg1 Qxg1+ 31. Kxg1 g6 32. Kf1 f5 33. Ndb5 h5 34. d6 b6 35. Nd5 Nb7 36. Nxb6 Nxd6 37. Nxd6 Rxd6 38. Nc4 Rc6 39. b3 Rc5 40. Bd3 Kg7 41. f4 f6 42. Kf2 Kf7 43. Be2 Ke6 44. Bf3 h4 45. Bb7 g5 46. Kf3 g4+ 47. Kf2 Ke7 48. Bg2 Rc7 49. Bd5 Rd7 50. Ne3 Kd6 51. Bc4 Kc5 52. Nxf5 Rd2+ 53. Ke1 Rh2 54. Kf1 g3 55. Kg1 Rf2 56. Nxh4 Rxf4 57. Ng6 Rf2 58. Ne7 f5 59. Nd5 f4 60. Nc3 Kb4 61. Ne4 Rb2 62. Bd5 Rxb3 63. Bxb3 Kxb3 64. Nc5+ Kb4 65. Nd3+ Kxa4 66. Nxf4 Kb3 67. Nd3 a4 68. Nc5+ Kb4 69. Nxa4 Kxa4 70. Kg2 Ka3 71. Kxg3 1/2-1/2

[Event "RUS Cup Qualifier 5"]
[Site "chessassistantclub.com INT"]
[Date "2004.12.24"]
[Round "?"]
[White "Shibaev, Aleksey"]
[Black "Turov, Maxim"]
[Result "1-0"]
[WhiteElo "2387"]
[BlackElo "2536"]
[PlyCount "99"]
[EventDate "2004.12.24"]
[EventType "swiss (blitz)"]
[EventRounds "13"]
[EventCountry "RUS"]
[SourceTitle "CBM 104 Extra"]
[Source "ChessBase"]
[SourceDate "2005.03.01"]
[SourceVersion "1"]
[SourceVersionDate "2005.03.01"]
[SourceQuality "1"]

1. d4 Nf6 2. c4 g6 3. Nc3 d5 4. Nf3 Bg7 5. Bg5 c5 6. Bxf6 Bxf6 7. Nxd5 Bg7 8. e3 Nc6 9. Be2 e6 10. Nc3 cxd4 11. exd4 Nxd4 12. 0-0 Nxe2+ 13. Qxe2 Bd7 14. Rfd1 Qc7 15. Nd5 Qb8 16. Rac1 Bc6 17. b4 0-0 18. Ne7+ Kh8 19. Nxc6 bxc6 20. Rb1 Qc7 21. a4 Rfd8 22. h3 h6 23. Rxd8+ Rxd8 24. b5 cxb5 25. axb5 Qf4 26. c5 Kh7 27. c6 Qd6 28. Qe3 a6 29. bxa6 Qxc6 30. Rb7 Rd1+ 31. Kh2 Qd6+ 32. g3 Qxa6 33. Rxf7 Qa1 34. g4 Rd6 35. Qa7 Ra6 36. Rxg7+ Qxg7 37. Qxa6 Qc7+ 38. Kg2 Qd7 39. Qe2 Kg7 40. Qe5+ Kf7 41. Qf4+ Kg8 42. Ne5 Qd5+ 43. Kg3 Qb3+ 44. f3 Qb7 45. Qf6 h5 46. Qxg6+ Kf8 47. Qf6+ Kg8 48. Qxe6+ Kf8 49. Qf7+ Qxf7 50. Nxf7 1-0

[Event "RUS Cup Qualifier 5"]
[Site "chessassistantclub.com INT"]
[Date "2004.12.24"]
[Round "?"]
[White "Vlassov, Nikolai"]
[Black "Shibaev, Aleksey"]
[Result "0-1"]
[WhiteElo "2492"]
[BlackElo "2387"]
[PlyCount "90"]
[EventDate "2004.12.24"]
[EventType "swiss (blitz)"]
[EventRounds "13"]
[EventCountry "RUS"]
[SourceTitle "CBM 104 Extra"]
[Source "ChessBase"]
[SourceDate "2005.03.01"]
[SourceVersion "1"]
[SourceVersionDate "2005.03.01"]
[SourceQuality "1"]

1. e4 Nf6 2. Nc3 d5 3. e5 Nfd7 4. e6 fxe6 5. d4 c5 6. dxc5 Nc6 7. Bb5 g6 8. h4 Bg7 9. h5 0-0 10. hxg6 hxg6 11. Bh6 Bxh6 12. Rxh6 Kg7 13. Qd2 Rh8 14. Rxh8 Qxh8 15. 0-0-0 Nf6 16. Bxc6 bxc6 17. Qd4 Qh5 18. Nf3 Qg4 19. Qe5 Qxg2 20. Nd4 Qxf2 21. Kb1 Bd7 22. a4 Rh8 23. Ka2 Rh5 24. Qc7 e5 25. Nb3 d4 26. Ne4 Nxe4 27. Qxd7 Qf6 28. Qxa7 Rh2 29. Rc1 Qe6 30. Kb1 d3 31. cxd3 Nf2 32. Qb8 Nxd3 33. Rf1 Rxb2+ 34. Ka1 Rf2 35. Rh1 Rf8 36. Qb7 e4 37. a5 Qf6+ 38. Nd4 Qxd4+ 39. Ka2 Rf2+ 40. Ka3 Qc3+ 41. Qb3 Qxa5+ 42. Qa4 Ra2+ 43. Kxa2 Qxa4+ 44. Kb1 Qb3+ 45. Ka1 Qb2# 0-1

[Event "RUS Cup Qualifier 4"]
[Site "chessassistantclub.com INT"]
[Date "2004.11.25"]
[Round "?"]
[White "Lysyj, Igor"]
[Black "Shibaev, Aleksey"]
[Result "1/2-1/2"]
[WhiteElo "2470"]
[BlackElo "2365"]
[PlyCount "100"]
[EventDate "2004.11.25"]
[EventType "swiss (blitz)"]
[EventRounds "13"]
[EventCountry "RUS"]
[SourceTitle "CBM 103 Extra"]
[Source "ChessBase"]
[SourceDate "2005.01.01"]
[SourceVersion "1"]
[SourceVersionDate "2005.01.01"]
[SourceQuality "1"]

1. d4 d5 2. c4 dxc4 3. Nf3 Nf6 4. e3 a6 5. Bxc4 e6 6. 0-0 c5 7. dxc5 Bxc5 8. Qxd8+ Kxd8 9. Be2 Ke7 10. Ne5 b6 11. Nd2 Bb7 12. Nd3 Nbd7 13. b3 Rac8 14. Nxc5 Nxc5 15. Ba3 Rhd8 16. Nc4 Nd5 17. Rac1 Ke8 18. Nxb6 Nxb6 19. Bxc5 Rd2 20. Bxb6 Rxc1 21. Rxc1 Rxe2 22. a3 Bd5 23. b4 Ra2 24. f3 Rxa3 25. e4 Bb3 26. Rc7 Ra2 27. Bc5 e5 28. Re7+ Kd8 29. Rxe5 Be6 30. Rg5 g6 31. f4 Re2 32. f5 Bc4 33. fxg6 hxg6 34. Re5 Kd7 35. h4 Kc6 36. Re7 a5 37. Ra7 Ra2 38. Rxa5 Rxa5 39. bxa5 Kxc5 40. Kf2 Kb5 41. Ke3 Kxa5 42. g4 Be6 43. Kf4 Kb5 44. h5 gxh5 45. gxh5 f6 46. h6 Bg8 47. Kf5 Bh7+ 48. Kxf6 Bxe4 49. Kg7 Kc5 50. h7 Bxh7 1/2-1/2

[Event "RUS Cup Qualifier 4"]
[Site "chessassistantclub.com INT"]
[Date "2004.11.25"]
[Round "?"]
[White "Shibaev, Aleksey"]
[Black "Chuprov, Dmitry"]
[Result "1-0"]
[WhiteElo "2365"]
[BlackElo "2465"]
[PlyCount "47"]
[EventDate "2004.11.25"]
[EventType "swiss (blitz)"]
[EventRounds "13"]
[EventCountry "RUS"]
[SourceTitle "CBM 103 Extra"]
[Source "ChessBase"]
[SourceDate "2005.01.01"]
[SourceVersion "1"]
[SourceVersionDate "2005.01.01"]
[SourceQuality "1"]

1. f4 e5 2. fxe5 d6 3. exd6 Bxd6 4. Nf3 g5 5. g3 g4 6. Nh4 Ne7 7. d4 Ng6 8. Ng2 h5 9. Qd3 Nc6 10. c3 h4 11. gxh4 Nxh4 12. Be3 Bf5 13. Qb5 Be4 14. Rg1 Nf5 15. Nd2 Bxg2 16. Qxf5 Bxf1 17. Rxf1 Qh4+ 18. Kd1 Qh5 19. Bg5 Ne7 20. Qb5+ c6 21. Qxb7 Rb8 22. Qxa7 Qxg5 23. Ne4 Qb5 24. Nxd6+ 1-0

[Event "RUS Cup Qualifier 4"]
[Site "chessassistantclub.com INT"]
[Date "2004.11.25"]
[Round "?"]
[White "Vlassov, Nikolai"]
[Black "Shibaev, Aleksey"]
[Result "1-0"]
[WhiteElo "2466"]
[BlackElo "2365"]
[PlyCount "89"]
[EventDate "2004.11.25"]
[EventType "swiss (blitz)"]
[EventRounds "13"]
[EventCountry "RUS"]
[SourceTitle "CBM 103 Extra"]
[Source "ChessBase"]
[SourceDate "2005.01.01"]
[SourceVersion "1"]
[SourceVersionDate "2005.01.01"]
[SourceQuality "1"]

1. e4 e5 2. Bc4 Nf6 3. d3 Bc5 4. Nf3 d6 5. Bg5 h6 6. Bh4 0-0 7. Nbd2 Be6 8. c3 Nbd7 9. Bxe6 fxe6 10. Qb3 Qe7 11. Qxb7 Rab8 12. Qxc7 Rxb2 13. 0-0 Rfb8 14. Bxf6 gxf6 15. d4 Bb6 16. Qc6 exd4 17. cxd4 Bxd4 18. Nc4 Rc2 19. Nxd4 Ne5 20. Qxd6 Qxd6 21. Nxd6 Rd2 22. Rad1 Rbb2 23. Nxe6 Rxa2 24. Nf5 Kf7 25. Nf4 a5 26. Nxh6+ Ke7 27. Nf5+ Kd7 28. Nd5 a4 29. Rxd2 Rxd2 30. Nb6+ Ke6 31. Nxa4 Kf7 32. Nc3 Rc2 33. Nd5 Re2 34. Ng3 Rc2 35. h4 Ng4 36. h5 Kg7 37. Nf5+ Kh7 38. Nde3 Nxe3 39. fxe3 Rc4 40. Rd1 Rxe4 41. Rd7+ Kg8 42. Kf2 Rg4 43. Nh6+ Kh8 44. Nxg4 f5 45. Nf6 1-0

[Event "Moscow Aeroflot op-B"]
[Site "Moscow"]
[Date "2004.02.25"]
[Round "9"]
[White "Ogloblin, Nikolay"]
[Black "Shibaev, Aleksey"]
[Result "1-0"]
[WhiteElo "2427"]
[BlackElo "2387"]
[PlyCount "81"]
[EventDate "2004.02.17"]
[EventType "swiss"]
[EventRounds "9"]
[EventCountry "RUS"]
[SourceTitle "EXT 2005"]
[Source "ChessBase"]
[SourceDate "2004.11.15"]
[SourceVersion "1"]
[SourceVersionDate "2004.11.15"]
[SourceQuality "1"]

1. Nf3 Nf6 2. c4 e6 3. g3 d5 4. Bg2 Be7 5. 0-0 dxc4 6. Qa4+ Nbd7 7. Qxc4 c5 8. d4 0-0 9. Nc3 a6 10. dxc5 Bxc5 11. b4 Bd6 12. Rd1 Qe7 13. a3 Rd8 14. Bb2 Nf8 15. Ne4 Nxe4 16. Qxe4 Rb8 17. Ne5 Bd7 18. Qd4 Bxe5 19. Qxe5 f6 20. Qe3 Bb5 21. Bf3 e5 22. Bd5+ Kh8 23. Qe4 Ba4 24. Rdc1 Qd7 25. Bc4 Ng6 26. Qe3 Bc6 27. f3 Ne7 28. Qf2 Nf5 29. Bd3 Nd4 30. Bxd4 exd4 31. Rc5 g6 32. Rac1 Rbc8 33. g4 b6 34. R5c2 Bb7 35. Qg3 Rc3 36. Qf4 Rdc8 37. Qxf6+ Qg7 38. Qxg7+ Kxg7 39. Rxc3 dxc3 40. Kf2 h5 41. g5 1-0

[Event "Moscow Aeroflot op-B"]
[Site "Moscow"]
[Date "2003.02.18"]
[Round "8"]
[White "Kouvatsou, Maria"]
[Black "Shibaev, Aleksey"]
[Result "1/2-1/2"]
[WhiteElo "2208"]
[BlackElo "2325"]
[PlyCount "56"]
[EventDate "2003.02.10"]
[EventType "swiss"]
[EventRounds "9"]
[EventCountry "RUS"]
[SourceTitle "CBM 094"]
[Source "ChessBase"]
[SourceDate "2003.05.26"]
[SourceVersion "1"]
[SourceVersionDate "2003.05.26"]
[SourceQuality "1"]

1. e4 Nf6 2. e5 Nd5 3. c4 Nb6 4. d4 d6 5. exd6 cxd6 6. Nc3 g6 7. a4 Bg7 8. Nf3 a5 9. h3 0-0 10. Be2 Bf5 11. 0-0 Nc6 12. Be3 d5 13. cxd5 Nb4 14. Rc1 N6xd5 15. Bc4 Rc8 16. Nxd5 Nxd5 17. Bg5 h6 18. Bh4 Nb4 19. Re1 g5 20. Bg3 Nd3 21. Bxd3 Rxc1 22. Qxc1 Bxd3 23. Qe3 Bc2 24. Qxe7 Qxe7 25. Rxe7 Bxa4 26. Rxb7 Bc6 27. Ra7 Bxf3 28. gxf3 Bxd4 1/2-1/2

[Event "RUS-Cup04"]
[Site "Samara"]
[Date "2002.07.31"]
[Round "6"]
[White "Shutalev, Mikhail"]
[Black "Shibaev, Aleksey"]
[Result "0-1"]
[WhiteElo "2140"]
[BlackElo "2306"]
[PlyCount "42"]
[EventDate "2002.07.26"]
[EventType "swiss"]
[EventRounds "9"]
[EventCountry "RUS"]
[SourceTitle "CBM 089 Extra"]
[Source "ChessBase"]
[SourceDate "2002.09.10"]
[SourceVersion "2"]
[SourceVersionDate "2002.09.10"]
[SourceQuality "1"]

1. b3 e5 2. Bb2 Nc6 3. e3 Nf6 4. Bb5 Bd6 5. Na3 Na5 6. Nc4 Nxc4 7. Bxc4 0-0 8. Nf3 Qe7 9. a4 c6 10. 0-0 Bc7 11. Ba3 d6 12. h3 e4 13. Nd4 c5 14. Nb5 Bb8 15. d4 a6 16. Nc3 d5 17. Bxd5 Qd6 18. f4 Nxd5 19. dxc5 Nxc3 20. cxd6 Nxd1 21. Raxd1 Bd7 0-1

[Event "RUS-Cup04"]
[Site "Samara"]
[Date "2002.07.29"]
[Round "4"]
[White "Frolov, Denis"]
[Black "Shibaev, Aleksey"]
[Result "1-0"]
[WhiteElo "2459"]
[BlackElo "2306"]
[PlyCount "63"]
[EventDate "2002.07.26"]
[EventType "swiss"]
[EventRounds "9"]
[EventCountry "RUS"]
[SourceTitle "CBM 089 Extra"]
[Source "ChessBase"]
[SourceDate "2002.09.10"]
[SourceVersion "2"]
[SourceVersionDate "2002.09.10"]
[SourceQuality "1"]

1. e4 e5 2. Nc3 Nf6 3. Nf3 Nc6 4. d4 exd4 5. Nxd4 Bb4 6. Nxc6 bxc6 7. Bd3 d5 8. exd5 Qe7+ 9. Qe2 Nxd5 10. Qxe7+ Kxe7 11. Bd2 Nxc3 12. a3 Bd6 13. Bxc3 Re8 14. 0-0-0 Kf8 15. Rhe1 Bd7 16. Bxh7 g6 17. h4 Be6 18. h5 gxh5 19. Be4 Bd7 20. Bf3 Bf4+ 21. Kb1 Bg4 22. Bxg4 hxg4 23. Rh1 Ke7 24. Rd4 Bd6 25. Rxg4 Rg8 26. Re4+ Kd7 27. g3 f5 28. Rh7+ Kc8 29. Re6 Rb8 30. Be5 Bxe5 31. Rxe5 Rb5 32. Ree7 1-0

[Event "RUS-Cup04"]
[Site "Samara"]
[Date "2002.07.26"]
[Round "1"]
[White "Shibaev, Aleksey"]
[Black "Yandemirov, Valeri"]
[Result "1-0"]
[WhiteElo "2306"]
[BlackElo "2502"]
[PlyCount "85"]
[EventDate "2002.07.26"]
[EventType "swiss"]
[EventRounds "9"]
[EventCountry "RUS"]
[SourceTitle "CBM 089 Extra"]
[Source "ChessBase"]
[SourceDate "2002.09.10"]
[SourceVersion "2"]
[SourceVersionDate "2002.09.10"]
[SourceQuality "1"]

1. d4 Nf6 2. c4 g6 3. Nc3 d5 4. cxd5 Nxd5 5. e4 Nxc3 6. bxc3 Bg7 7. Bc4 0-0 8. Ne2 Nc6 9. 0-0 Na5 10. Bd3 b6 11. Be3 c5 12. Qd2 Bb7 13. Bh6 Bxh6 14. Qxh6 cxd4 15. cxd4 Nc6 16. Rfd1 Rc8 17. e5 Nb4 18. Nf4 Kh8 19. Nxg6+ fxg6 20. Bxg6 Rf7 21. Bxf7 Rc6 22. Qd2 Qf8 23. Qxb4 Qxf7 24. d5 Rc5 25. Rac1 Qxd5 26. Qg4 Rxc1 27. Rxc1 Qxe5 28. Rd1 Bd5 29. Qd4 Qxd4 30. Rxd4 Bxa2 31. Ra4 Bd5 32. Rxa7 e6 33. Ra6 b5 34. Rb6 Bc4 35. Rb7 Kg8 36. f3 h6 37. Kf2 Kf8 38. Ke3 Bf1 39. g3 Bc4 40. f4 h5 41. Kd4 h4 42. g4 h3 43. g5 1-0